[Event "EUR-chT Seniors 50"]
[Site "Mali Losinj"]
[Date "2019.09.26"]
[Round "9.4"]
[White "Rodriguez Bernal, Herman"]
[Black "Fercec, Nenad"]
[Result "0-1"]
[WhiteElo "1735"]
[BlackElo "2439"]
[PlyCount "61"]
[EventDate "2019.09.18"]
[EventType "team-swiss"]
[EventRounds "9"]
[EventCountry "CRO"]
[SourceTitle "EXT 2020"]
[Source "ChessBase"]
[SourceDate "2019.10.17"]
[SourceVersion "1"]
[SourceVersionDate "2019.10.17"]
[SourceQuality "1"]
[WhiteTeam "Spain 50"]
[BlackTeam "Croatia 50"]
[WhiteTeamCountry "ESP"]
[BlackTeamCountry "CRO"]

1. d4 Nf6 2. c4 b6 3. Nc3 Bb7 4. Bg5 e6 5. Nf3 h6 6. Bxf6 Qxf6 7. e4 g5 8. Be2 g4 9. Ne5 h5 10. Qa4 Bd6 11. 0-0-0 Bxe5 12. dxe5 Qxe5 13. f3 Nc6 14. Kb1 0-0-0 15. Rd2 Kb8 16. Rhd1 d6 17. Nb5 gxf3 18. Bxf3 a6 19. Nd4 Nxd4 20. Rxd4 Rhg8 21. b4 f5 22. c5 fxe4 23. c6 exf3 24. cxb7 Kxb7 25. Rc1 Rg7 26. Qc6+ Kb8 27. Re4 Qf5 28. gxf3 Qxf3 29. Rxe6 Qf5+ 30. Qe4 Qxe4+ 31. Rxe4 0-1

[Event "Tres Cantos op 11th"]
[Site "Tres Cantos"]
[Date "2019.06.22"]
[Round "1"]
[White "Ballesteros Avila, Antonio"]
[Black "Rodriguez Bernal, Herman"]
[Result "1-0"]
[WhiteElo "2039"]
[BlackElo "1761"]
[PlyCount "123"]
[EventDate "2019.06.22"]
[EventType "swiss"]
[EventRounds "9"]
[EventCountry "ESP"]
[SourceTitle "CBM 195 Extra"]
[Source "ChessBase"]
[SourceDate "2020.05.31"]
[SourceVersion "1"]
[SourceVersionDate "2020.05.31"]
[SourceQuality "1"]

1. b3 c5 2. Bb2 d5 3. e3 a6 4. f4 Nc6 5. Nf3 Bf5 6. d3 e6 7. Nbd2 Nf6 8. Be2 Ng4 9. Nf1 Qa5+ 10. Qd2 Qxd2+ 11. N3xd2 Nb4 12. Bd1 Bxd3 13. Bxg4 Nxc2+ 14. Kf2 Nxa1 15. Bxa1 b5 16. Ng3 Kd7 17. Rd1 Bc2 18. Rc1 Bd3 19. Bf3 f6 20. f5 Rd8 21. fxe6+ Kxe6 22. Nh5 Kf7 23. Nf4 Be4 24. Bxe4 dxe4 25. Nxe4 Be7 26. Ke2 Rhe8 27. Nxc5 Rc8 28. Bd4 Bd6 29. g3 Be5 30. Kd3 Red8 31. Ne2 Rd5 32. Nxa6 Rxc1 33. Nxc1 Bd6 34. b4 Rh5 35. Ne2 Rxh2 36. Nc5 h5 37. a3 h4 38. gxh4 Rxh4 39. Ne4 Bc7 40. N2c3 Rh5 41. Bc5 f5 42. Nd6+ Ke6 43. Ndxb5 Bb8 44. Nd4+ Kd7 45. a4 f4 46. exf4 Bxf4 47. Ke4 Bd2 48. Nd5 Rh4+ 49. Kd3 Be1 50. a5 Rh3+ 51. Ke2 Bc3 52. Nf3 Bf6 53. a6 Kc8 54. a7 Kb7 55. Nd2 Ra3 56. Nc4 Rxa7 57. Bxa7 Kxa7 58. Nxf6 gxf6 59. b5 Kb7 60. Kf3 Kc7 61. Kf4 Kd7 62. Kf5 1-0

[Event "Madrid Chamartin op 7th"]
[Site "Madrid"]
[Date "2018.09.09"]
[Round "9"]
[White "Villodre Miranda, Juan Alonso"]
[Black "Rodriguez Bernal, Herman"]
[Result "1-0"]
[WhiteElo "1594"]
[BlackElo "1742"]
[PlyCount "62"]
[EventDate "2018.09.03"]
[EventType "swiss"]
[EventRounds "9"]
[EventCountry "ESP"]
[SourceTitle "CBM 187 Extra"]
[Source "ChessBase"]
[SourceDate "2018.11.04"]
[SourceVersion "1"]
[SourceVersionDate "2018.11.04"]
[SourceQuality "1"]

1. c4 c5 2. e4 Nc6 3. g3 Nf6 4. Bg2 d6 5. h3 g6 6. Ne2 Bg7 7. 0-0 Nd7 8. Nbc3 0-0 9. d3 Rb8 10. a4 Nb4 11. f4 f5 12. Be3 Nb6 13. b3 Be6 14. Rb1 Qd7 15. Kh2 Nc6 16. d4 cxd4 17. Nxd4 fxe4 18. Nxe6 Qxe6 19. Nxe4 d5 20. Bxb6 dxe4 21. Bg1 Rfd8 22. Qe2 Bc3 23. Qxe4 Qf6 24. Rfd1 e5 25. Be3 Rbc8 26. Rxd8+ Rxd8 27. fxe5 Bxe5 28. Rf1 Qg7 29. Qg4 Rf8 30. Rxf8+ Qxf8 31. Bxc6 Bxg3+ 1-0

[Event "Tres Cantos op 10th"]
[Site "Tres Cantos"]
[Date "2018.06.21"]
[Round "1.6"]
[White "Rodriguez Bernal, Herman"]
[Black "Hernando Pertierra, Jose Carlos"]
[Result "1/2-1/2"]
[WhiteElo "1743"]
[BlackElo "2360"]
[PlyCount "125"]
[EventDate "2018.06.21"]
[EventType "swiss"]
[EventRounds "9"]
[EventCountry "ESP"]
[SourceTitle "EXT 2024"]
[Source "ChessBase"]
[SourceDate "2023.10.10"]
[SourceVersion "1"]
[SourceVersionDate "2023.10.10"]
[SourceQuality "1"]

1. d4 g6 2. Nf3 Bg7 3. Bf4 Nf6 4. h3 c5 5. e3 0-0 6. Be2 d6 7. 0-0 Nbd7 8. Nbd2 cxd4 9. exd4 Nd5 10. Bh2 Bh6 11. c4 Nf4 12. Re1 Nxe2+ 13. Qxe2 e5 14. Rad1 f6 15. Ne4 Qe7 16. Nxd6 Qxd6 17. dxe5 Qe7 18. e6 Ne5 19. Nxe5 Qxe6 20. Ng4 Qxe2 21. Nxh6+ Kg7 22. Rxe2 Kxh6 23. Re7 g5 24. Rd6 Kg6 25. Be5 h5 26. f3 h4 27. Kf2 a5 28. Bc3 a4 29. a3 Rb8 30. Rb6 Ra8 31. Be5 Ra5 32. Bd4 Rf5 33. Ke3 Rd8 34. c5 Rf4 35. Rd6 Rf8 36. Kd3 Rf5 37. Kc3 Rf4 38. Be3 Rf5 39. Kb4 Rf7 40. Rxf7 Kxf7 41. Kxa4 Re5 42. Rd3 Ke6 43. Kb5 Bd7+ 44. Kb6 Bc6 45. b4 Bd5 46. a4 Kd7 47. b5 Kc8 48. c6 bxc6 49. bxc6 Bc4 50. Rc3 Bf1 51. a5 Rb5+ 52. Ka7 Rxa5+ 53. Kb6 Rb5+ 54. Ka7 Kc7 55. Rc5 Rb6 56. Ra5 Rxc6 57. f4 Re6 58. Ra3 g4 59. Bf2 g3 60. Rc3+ Rc6 61. Bb6+ Kd7 62. Rxc6 Kxc6 63. Bd8 1/2-1/2

[Event "Madrid-ch Seniors 50"]
[Site "Madrid"]
[Date "2018.01.18"]
[Round "9"]
[White "Rodriguez Bernal, Herman"]
[Black "Serrano Garcia, Vicente"]
[Result "0-1"]
[WhiteElo "1744"]
[BlackElo "1817"]
[PlyCount "98"]
[EventDate "2018.01.08"]
[EventType "swiss"]
[EventRounds "9"]
[EventCountry "ESP"]
[SourceTitle "CBM 182 Extra"]
[Source "ChessBase"]
[SourceDate "2018.02.23"]
[SourceVersion "1"]
[SourceVersionDate "2018.02.23"]
[SourceQuality "1"]

1. d4 d5 2. c4 e6 3. Nc3 Nf6 4. Bg5 Nbd7 5. e3 c6 6. Nf3 Qa5 7. Nd2 dxc4 8. Bxf6 Nxf6 9. Bxc4 Bb4 10. Rc1 Nd5 11. Qb3 0-0 12. 0-0 Nxc3 13. bxc3 Ba3 14. Rb1 b5 15. Bd3 a6 16. Qc2 h6 17. f4 c5 18. Rf3 cxd4 19. exd4 Bb7 20. Rg3 Rac8 21. Nc4 bxc4 22. Bh7+ Kh8 23. Rxb7 Rb8 24. Be4 Rxb7 25. Bxb7 Rb8 26. Be4 Rb2 27. Qd1 Rxa2 28. Qg4 Ra1+ 29. Kf2 Bf8 30. f5 Qa2+ 31. Qe2 Qb3 32. Qh5 Qb2+ 33. Qe2 Qc1 34. Qxc4 Qf4+ 35. Bf3 Rd1 36. fxe6 Rd2+ 37. Kf1 Qe3 38. Be2 Qxe6 39. Qxe6 fxe6 40. Bxa6 g5 41. Re3 Rc2 42. Bc4 e5 43. dxe5 Rc1+ 44. Ke2 Rc2+ 45. Kf3 Bc5 46. Rd3 Rf2+ 47. Kg3 Rf4 48. Rd8+ Kg7 49. Be2 Bf2+ 0-1

[Event "Madrid-ch Seniors 50"]
[Site "Madrid"]
[Date "2018.01.09"]
[Round "2"]
[White "Garcia Martin, Esteban"]
[Black "Rodriguez Bernal, Herman"]
[Result "1-0"]
[WhiteElo "1886"]
[BlackElo "1744"]
[PlyCount "119"]
[EventDate "2018.01.08"]
[EventType "swiss"]
[EventRounds "9"]
[EventCountry "ESP"]
[SourceTitle "CBM 182 Extra"]
[Source "ChessBase"]
[SourceDate "2018.02.23"]
[SourceVersion "1"]
[SourceVersionDate "2018.02.23"]
[SourceQuality "1"]

1. c4 c5 2. Nc3 Nc6 3. g3 g6 4. Bg2 Bg7 5. e4 e6 6. Nge2 Nge7 7. 0-0 a6 8. d3 Rb8 9. a4 b6 10. Bf4 d6 11. Qd2 h6 12. Qc1 Bb7 13. Bd2 Nd4 14. Nxd4 cxd4 15. Ne2 d5 16. exd5 exd5 17. Bf4 Rc8 18. b4 g5 19. Bd2 0-0 20. c5 bxc5 21. bxc5 Qc7 22. Qa3 Rfe8 23. Rfc1 Nc6 24. Bf1 Ne5 25. Kg2 a5 26. Ng1 Ba6 27. Nf3 Nxf3 28. Kxf3 Bf8 29. Rc2 Bxc5 30. Qc1 Re6 31. h4 Rf6+ 32. Kg2 gxh4 33. Bxh6 Qd6 34. Bf4 Qf8 35. Be5 Rg6 36. Qf4 Be7 37. Rxc8 Bxc8 38. Qxd4 hxg3 39. fxg3 Qh6 40. Ra2 Bh4 41. Kf2 Bd8 42. Qf4 Bg5 43. Qf3 Be6 44. Rb2 f6 45. Bf4 Bxf4 46. Qxf4 Qxf4+ 47. gxf4 Rg4 48. Kf3 f5 49. Rb5 Bd7 50. Rxa5 d4 51. Ra7 Bc6+ 52. Ke2 Rxf4 53. a5 Rh4 54. Rc7 Rh2+ 55. Ke1 Bb5 56. Rb7 Bc6 57. Rb6 Bf3 58. a6 Ra2 59. Bh3 f4 60. Be6+ 1-0

[Event "San Sebastian de los Reyes op 19th"]
[Site "San Sebastian"]
[Date "2017.12.06"]
[Round "5"]
[White "Rial Rodriguez, Marta"]
[Black "Rodriguez Bernal, Herman"]
[Result "1-0"]
[WhiteElo "1509"]
[BlackElo "1763"]
[PlyCount "39"]
[EventDate "2017.12.02"]
[EventType "swiss"]
[EventRounds "9"]
[EventCountry "ESP"]
[SourceTitle "CBM 182 Extra"]
[Source "ChessBase"]
[SourceDate "2018.02.23"]
[SourceVersion "1"]
[SourceVersionDate "2018.02.23"]
[SourceQuality "1"]

1. e4 c5 2. c3 g6 3. d4 cxd4 4. cxd4 Bg7 5. Nc3 d6 6. Be3 Nf6 7. Nf3 0-0 8. Bc4 Qb6 9. Rb1 Qc7 10. Bb3 e6 11. 0-0 a6 12. Rc1 Qe7 13. a4 Nc6 14. Qd3 Nb4 15. Qd2 Nc6 16. Rfe1 Rd8 17. h3 Bd7 18. Bg5 Na5 19. Ba2 Bc6 20. b4 1-0

[Event "Madrid-ch Previa-B"]
[Site "Madrid"]
[Date "2017.02.11"]
[Round "5"]
[White "Del Noval Nemeshazi, Nesztor"]
[Black "Rodriguez Bernal, Herman"]
[Result "1-0"]
[WhiteElo "1878"]
[BlackElo "1781"]
[PlyCount "71"]
[EventDate "2017.02.02"]
[EventType "swiss"]
[EventRounds "9"]
[EventCountry "ESP"]
[SourceTitle "EXT 2018"]
[Source "ChessBase"]
[SourceDate "2017.10.13"]
[SourceVersion "1"]
[SourceVersionDate "2017.10.13"]
[SourceQuality "1"]

1. e4 c5 2. Nf3 Nc6 3. d4 cxd4 4. Nxd4 g6 5. Nc3 Bg7 6. Be3 a6 7. Qd2 Nf6 8. f3 0-0 9. Bc4 b5 10. Bb3 Bb7 11. 0-0-0 Rc8 12. Kb1 Ne5 13. g4 Nc4 14. Bxc4 Rxc4 15. h4 b4 16. Nce2 e5 17. Nb3 Nxe4 18. Qxd7 Qa8 19. Na5 Rxc2 20. Kxc2 Rc8+ 21. Kb1 Nc3+ 22. bxc3 Bxf3 23. Rdf1 Qe4+ 24. Ka1 Bxg4 25. Qd2 bxc3 26. Nxc3 Qb4 27. Nd5 Qa4 28. Ne7+ Kh8 29. Nxc8 e4+ 30. Kb1 Qb5+ 31. Nb3 Qd3+ 32. Qxd3 exd3 33. Nd6 Be2 34. Rxf7 d2 35. Bxd2 Bd3+ 36. Kc1 1-0

[Event "San Sebastian de los Reyes op 18th"]
[Site "San Sebastian"]
[Date "2016.12.06"]
[Round "4"]
[White "Camarero Izquierdo, Juan Carlos"]
[Black "Rodriguez Bernal, Herman"]
[Result "1-0"]
[WhiteElo "1760"]
[BlackElo "1816"]
[PlyCount "55"]
[EventDate "2016.12.03"]
[EventType "swiss"]
[EventRounds "9"]
[EventCountry "ESP"]
[SourceTitle "CBM 176 Extra"]
[Source "ChessBase"]
[SourceDate "2017.03.02"]
[SourceVersion "1"]
[SourceVersionDate "2017.03.02"]
[SourceQuality "1"]

1. d4 g6 2. e4 d6 3. Nc3 Bg7 4. Be3 Nf6 5. f3 0-0 6. Qd2 e5 7. d5 a6 8. 0-0-0 b5 9. h4 h5 10. Nh3 b4 11. Ne2 Nbd7 12. Ng5 Nc5 13. g3 a5 14. Bh3 Ba6 15. g4 Bxe2 16. Qxe2 a4 17. gxh5 Nxh5 18. Bxc5 dxc5 19. Qf2 Qd6 20. Bg4 Nf4 21. Kb1 b3 22. cxb3 Rfb8 23. h5 a3 24. hxg6 c4 25. gxf7+ Kf8 26. Ne6+ Nxe6 27. dxe6 Qa6 28. Qc5+ 1-0

[Event "ESP-ch Seniors 65"]
[Site "Altea"]
[Date "2016.10.14"]
[Round "7"]
[White "De Lucas Bello, Federico"]
[Black "Rodriguez Bernal, Herman"]
[Result "1-0"]
[WhiteElo "1990"]
[BlackElo "1797"]
[PlyCount "76"]
[EventDate "2016.10.09"]
[EventType "swiss"]
[EventRounds "9"]
[EventCountry "ESP"]
[SourceTitle "EXT 2024"]
[Source "ChessBase"]
[SourceDate "2023.10.10"]
[SourceVersion "1"]
[SourceVersionDate "2023.10.10"]
[SourceQuality "1"]

1. e4 g6 2. d4 Bg7 3. Nc3 c6 4. f4 d5 5. e5 f6 6. Be3 Nh6 7. h3 Qb6 8. Na4 Qd8 9. Qd2 Bf5 10. Nc3 Nf7 11. Nf3 Be4 12. Be2 e6 13. exf6 Bxf6 14. Nxe4 dxe4 15. Ng5 Nxg5 16. fxg5 Bg7 17. Bc4 Qe7 18. Rf1 b5 19. Bb3 Nd7 20. c3 0-0-0 21. Qc2 Nb6 22. Qxe4 Nd5 23. 0-0-0 Rhf8 24. Bd2 Rde8 25. Rde1 Kd7 26. Qe2 Rf5 27. Bc2 Rff8 28. a4 a6 29. Qg4 Nc7 30. h4 bxa4 31. Bxa4 Rb8 32. Rxf8 Bxf8 33. Bf4 Rb7 34. Bxc7 Rxc7 35. Bb3 Kc8 36. Rxe6 Qd7 37. Qd1 Qd8 38. Rxg6 h6 1-0

[Event "Madrid-ch Seniors"]
[Site "Madrid"]
[Date "2016.01.18"]
[Round "6"]
[White "Rodriguez Bernal, Herman"]
[Black "Ramos Antona, Enrique"]
[Result "1-0"]
[WhiteElo "1768"]
[BlackElo "1585"]
[PlyCount "125"]
[EventDate "2016.01.11"]
[EventType "swiss"]
[EventRounds "9"]
[EventCountry "ESP"]
[SourceTitle "EXT 2017"]
[Source "ChessBase"]
[SourceDate "2016.10.25"]
[SourceVersion "1"]
[SourceVersionDate "2016.10.25"]
[SourceQuality "1"]

1. d4 d5 2. c4 c6 3. cxd5 cxd5 4. Nc3 Nf6 5. Bg5 e6 6. Bxf6 Qxf6 7. Nf3 Bd6 8. a3 a6 9. e4 dxe4 10. Nxe4 Qd8 11. Nxd6+ Qxd6 12. Bd3 h6 13. 0-0 0-0 14. Qc2 Nd7 15. Rfd1 Nf6 16. Rac1 Nd5 17. Ne5 Bd7 18. Bh7+ Kh8 19. Be4 Rac8 20. Qd2 Qe7 21. Rxc8 Rxc8 22. Re1 Kg8 23. Bxd5 exd5 24. Ng6 Qxe1+ 25. Qxe1 fxg6 26. h3 Re8 27. Qb4 Bc6 28. g3 Re2 29. Kg2 Rc2 30. h4 Kh7 31. Qb3 Re2 32. Kf3 Re4 33. Qc3 a5 34. Kg2 a4 35. Qd3 Bd7 36. f3 Re1 37. Kf2 Bf5 38. Qd2 Re7 39. g4 Bd7 40. Qb4 Rf7 41. Kg3 Bc6 42. Qd6 Kg8 43. Qxg6 Bb5 44. Qe6 Bc4 45. g5 hxg5 46. hxg5 Kf8 47. Qc8+ Ke7 48. Qxb7+ Ke6 49. Qc6+ Ke7 50. Qxa4 Ke6 51. Qe8+ Re7 52. Qg6+ Kd7 53. Qf5+ Ke8 54. g6 Kd8 55. Qf8+ Kd7 56. a4 Bd3 57. Qg8 Bxg6 58. Qxd5+ Kc7 59. Qc5+ Kd7 60. d5 Ke8 61. d6 Rd7 62. Qc8+ Rd8 63. Qe6+ 1-0

[Event "Madrid-ch Seniors"]
[Site "Madrid"]
[Date "2016.01.15"]
[Round "5"]
[White "Martin Martin, Luis Vicente"]
[Black "Rodriguez Bernal, Herman"]
[Result "1-0"]
[WhiteElo "1967"]
[BlackElo "1768"]
[PlyCount "65"]
[EventDate "2016.01.11"]
[EventType "swiss"]
[EventRounds "9"]
[EventCountry "ESP"]
[SourceTitle "EXT 2017"]
[Source "ChessBase"]
[SourceDate "2016.10.25"]
[SourceVersion "1"]
[SourceVersionDate "2016.10.25"]
[SourceQuality "1"]

1. d4 e6 2. e4 b6 3. Nf3 Bb7 4. Bd3 Be7 5. e5 g5 6. 0-0 Nc6 7. c3 d6 8. Qe2 g4 9. Nfd2 Qd7 10. a4 h5 11. exd6 Bxd6 12. d5 Ne5 13. Bb5 c6 14. dxc6 Bxc6 15. Ne4 0-0-0 16. Bg5 Nf3+ 17. gxf3 gxf3 18. Nxd6+ Qxd6 19. Qc4 Qe5 20. Qxc6+ Kb8 21. Qxf3 Qxg5+ 22. Qg3+ Qxg3+ 23. fxg3 Ne7 24. Na3 Rd2 25. Nc4 Rc2 26. Rac1 Rxc1 27. Rxc1 Nd5 28. Bc6 Rc8 29. Bxd5 exd5 30. Nd6 Rc6 31. Nxf7 d4 32. Ne5 Re6 33. cxd4 1-0

[Event "Madrid-ch Seniors"]
[Site "Madrid"]
[Date "2016.01.13"]
[Round "3"]
[White "Martin Rodriguez, Jose Luis"]
[Black "Rodriguez Bernal, Herman"]
[Result "0-1"]
[WhiteElo "1313"]
[BlackElo "1768"]
[PlyCount "58"]
[EventDate "2016.01.11"]
[EventType "swiss"]
[EventRounds "9"]
[EventCountry "ESP"]
[SourceTitle "EXT 2017"]
[Source "ChessBase"]
[SourceDate "2016.10.25"]
[SourceVersion "1"]
[SourceVersionDate "2016.10.25"]
[SourceQuality "1"]

1. e4 g6 2. d4 d6 3. Nc3 Bg7 4. Nf3 Nf6 5. Bg5 Nbd7 6. Be2 0-0 7. Qd2 c6 8. Bh6 b5 9. Bxg7 Kxg7 10. a3 a6 11. h4 e5 12. Rd1 Re8 13. dxe5 dxe5 14. Kf1 Qe7 15. Qd6 Nc5 16. Qxe7 Rxe7 17. Nd2 Bb7 18. h5 Rd8 19. hxg6 hxg6 20. Rh3 Red7 21. Ke1 Ne6 22. Nf3 Rxd1+ 23. Bxd1 Nf4 24. Nxe5 Nxh3 25. gxh3 c5 26. Bf3 Re8 27. Nd3 Nxe4 28. Nxe4 Bxe4 29. Ke2 Bd5+ 0-1

[Event "San Sebastian de los Reyes op 17th"]
[Site "San Sebastian"]
[Date "2015.12.08"]
[Round "9"]
[White "Rodriguez Bernal, Herman"]
[Black "Sirera Andres, Dario"]
[Result "1-0"]
[WhiteElo "1773"]
[BlackElo "1360"]
[PlyCount "43"]
[EventDate "2015.11.30"]
[EventType "swiss"]
[EventRounds "9"]
[EventCountry "ESP"]
[SourceTitle "CBM 170 Extra"]
[Source "ChessBase"]
[SourceDate "2016.02.25"]
[SourceVersion "1"]
[SourceVersionDate "2016.02.25"]
[SourceQuality "1"]

1. d4 d5 2. c4 e6 3. Nc3 Nf6 4. Bg5 Be7 5. e3 Nbd7 6. Nf3 0-0 7. cxd5 exd5 8. Bd3 b6 9. 0-0 Bb7 10. Qc2 h6 11. Bh4 c5 12. h3 Rc8 13. Bf5 Ra8 14. Rfe1 a6 15. Rad1 b5 16. Bxd7 Nxd7 17. Bxe7 Qxe7 18. e4 Qd6 19. exd5 b4 20. Ne4 Rac8 21. Nxd6 Rb8 22. Re7 1-0

[Event "San Sebastian de los Reyes op 17th"]
[Site "San Sebastian"]
[Date "2015.12.02"]
[Round "3"]
[White "Rodriguez Bernal, Herman"]
[Black "Esquivias Gomez, Francisco Javier"]
[Result "1/2-1/2"]
[WhiteElo "1773"]
[BlackElo "2029"]
[PlyCount "55"]
[EventDate "2015.11.30"]
[EventType "swiss"]
[EventRounds "9"]
[EventCountry "ESP"]
[SourceTitle "CBM 170 Extra"]
[Source "ChessBase"]
[SourceDate "2016.02.25"]
[SourceVersion "1"]
[SourceVersionDate "2016.02.25"]
[SourceQuality "1"]

1. d4 g6 2. Nf3 Bg7 3. c4 f5 4. Nc3 Nf6 5. Bg5 c6 6. e3 0-0 7. Bd3 d6 8. Bxf6 Bxf6 9. Qc2 Bg7 10. 0-0-0 Nd7 11. h4 Nf6 12. h5 Nxh5 13. g4 fxg4 14. Ng5 Nf6 15. Rh2 Qa5 16. Nxh7 Nxh7 17. Bxg6 Ng5 18. Bh7+ Nxh7 19. Qxh7+ Kf7 20. Rh5 Rh8 21. Qxh8 Bxh8 22. Rxa5 Bd7 23. Rh1 Bg7 24. Rg5 Rh8 25. Rxh8 Bxh8 26. Kd2 Bf6 27. Rh5 Kg6 28. Rh1 1/2-1/2

[Event "Madrid Oliver Gonzalez Memorial-B 3rd"]
[Site "Madrid"]
[Date "2012.09.03"]
[Round "3"]
[White "Serrano Leiva, Ana"]
[Black "Rodriguez Bernal, Herman"]
[Result "0-1"]
[WhiteElo "1539"]
[BlackElo "1780"]
[PlyCount "82"]
[EventDate "2012.09.01"]
[EventType "swiss"]
[EventRounds "9"]
[EventCountry "ESP"]
[SourceTitle "CBM 150 Extra"]
[Source "ChessBase"]
[SourceDate "2012.10.19"]
[SourceVersion "1"]
[SourceVersionDate "2012.10.19"]
[SourceQuality "1"]

1. e4 e5 2. Nf3 Nf6 3. Nc3 Bb4 4. Nxe5 Bxc3 5. dxc3 d6 6. Nf3 Nxe4 7. Bd3 Nf6 8. 0-0 0-0 9. Bg5 Bg4 10. Be4 Nc6 11. Qd3 h6 12. Bh4 Bxf3 13. Bxf6 Bxe4 14. Qxe4 Qxf6 15. Rfe1 Rfe8 16. Qg4 Re5 17. f4 Re6 18. Rad1 Rae8 19. Qg3 Rxe1+ 20. Rxe1 Rxe1+ 21. Qxe1 Qe6 22. Qd2 Qe4 23. Kf2 f5 24. g3 Kf7 25. b3 a5 26. c4 Nd4 27. Qd3 Nxc2 28. Qc3 Nb4 29. Qd2 Nd3+ 30. Kg1 Qe1+ 31. Qxe1 Nxe1 32. Kf1 Nd3 33. a3 c5 34. Ke2 Nc1+ 35. Kd2 Nxb3+ 36. Kc2 a4 37. Kd3 g5 38. Ke3 Kf6 39. h3 Nd4 40. Kd3 g4 41. h4 Ke6 0-1

[Event "Tres Cantos op 3rd"]
[Site "Tres Cantos"]
[Date "2011.06.23"]
[Round "2"]
[White "Munoz Blazquez, Jose"]
[Black "Rodriguez Bernal, Herman"]
[Result "1/2-1/2"]
[WhiteElo "1410"]
[BlackElo "1865"]
[PlyCount "44"]
[EventDate "2011.06.22"]
[EventType "swiss"]
[EventRounds "9"]
[EventCountry "ESP"]
[SourceTitle "EXT 2012"]
[Source "ChessBase"]
[SourceDate "2011.11.24"]
[SourceVersion "1"]
[SourceVersionDate "2011.11.24"]
[SourceQuality "1"]

1. d4 Nf6 2. Nf3 e6 3. c4 Bb4+ 4. Nbd2 d5 5. e3 0-0 6. Bd3 Re8 7. Ne5 dxc4 8. Bxc4 c5 9. 0-0 cxd4 10. Ndf3 dxe3 11. Bxe3 Nc6 12. Bb5 Bd7 13. Nxd7 Qxd7 14. Qxd7 Nxd7 15. Rac1 Rec8 16. Rfd1 Nde5 17. Nxe5 Nxe5 18. Be2 h6 19. f4 Rxc1 20. Rxc1 Nc6 21. Bf3 Rc8 22. Bxc6 bxc6 1/2-1/2

[Event "Tres Cantos op 1st"]
[Site "Tres Cantos"]
[Date "2009.06.11"]
[Round "6"]
[White "Sebastian Enesco, Alex"]
[Black "Rodriguez Bernal, Herman"]
[Result "1/2-1/2"]
[WhiteElo "1736"]
[BlackElo "1787"]
[PlyCount "45"]
[EventDate "2009.06.06"]
[EventType "swiss"]
[EventRounds "9"]
[EventCountry "ESP"]
[SourceTitle "EXT 2010"]
[Source "ChessBase"]
[SourceDate "2010.11.25"]
[SourceVersion "1"]
[SourceVersionDate "2010.11.25"]
[SourceQuality "1"]

1. e4 d6 2. d4 g6 3. c4 Bg7 4. Nc3 Nf6 5. Bg5 0-0 6. e5 Nfd7 7. Nf3 dxe5 8. dxe5 Nxe5 9. Qxd8 Nxf3+ 10. gxf3 Rxd8 11. Be2 Nc6 12. 0-0 f6 13. Be3 Be6 14. Rfd1 b6 15. c5 Kf7 16. cxb6 axb6 17. Rxd8 Nxd8 18. Bf4 Ra7 19. a4 g5 20. Be3 Nc6 21. Bb5 Ne5 22. f4 Nf3+ 23. Kg2 1/2-1/2

[Event "Tres Cantos op 1st"]
[Site "Tres Cantos"]
[Date "2009.06.09"]
[Round "4"]
[White "Rodriguez Bernal, Herman"]
[Black "Martin Consuegra, Barrilero Javier"]
[Result "1-0"]
[WhiteElo "1787"]
[BlackElo "1937"]
[PlyCount "83"]
[EventDate "2009.06.06"]
[EventType "swiss"]
[EventRounds "9"]
[EventCountry "ESP"]
[SourceTitle "EXT 2010"]
[Source "ChessBase"]
[SourceDate "2010.11.25"]
[SourceVersion "1"]
[SourceVersionDate "2010.11.25"]
[SourceQuality "1"]

1. d4 d5 2. c4 c6 3. cxd5 cxd5 4. Nc3 Nf6 5. Bg5 e6 6. Bxf6 Qxf6 7. Nf3 Nc6 8. e3 Bb4 9. Bd3 0-0 10. 0-0 Bxc3 11. bxc3 e5 12. dxe5 Nxe5 13. Nxe5 Qxe5 14. Rc1 Be6 15. Qd2 f5 16. f4 Qf6 17. Qe2 Rfd8 18. h3 Rac8 19. Rc2 Rxc3 20. Rfc1 Rdc8 21. Qd2 d4 22. exd4 Qxd4+ 23. Kh2 Rxc2 24. Rxc2 Rxc2 25. Qxc2 Qxf4+ 26. g3 Qe5 27. Qf2 b6 28. h4 g6 29. Bf1 Kg7 30. Bg2 h6 31. Qd2 Qc7 32. Qd4+ Kh7 33. a3 a6 34. Qf6 Bf7 35. h5 gxh5 36. Qxf5+ Bg6 37. Qf6 h4 38. Qxh4 b5 39. Qd4 a5 40. Qd2 h5 41. Qd4 Qe7 42. a4 1-0